[Event "DEM U10/U10w 2009"]
[Site "Willingen GER"]
[Date "2009.05.31"]
[Round "2"]
[White "Dopmann, Sina"]
[Black "Rogozenco, Teodora Nana"]
[Result "0-1"]
[Termination "normal"]
[Board "43"]
[WhiteElo "1035"]
[BlackElo "798"]
[PlyCount "68"]
[BlackFideId "12938084"]
[EventCountry "GER"]
[EventRounds "11"]
[EventType "swiss"]
[EventDate "2009.05.30"]

1. e4 c5 2. Nc3 d6 3. f4 Nf6 4. Nf3 Nc6 5. g3 g6 6. Bg2 Bg7 7. O-O Be6 8. d3
O-O 9. Be3 Qd7 10. Qe2 Bh3 11. Ng5 Bxg2 12. Qxg2 Rac8 13. Qf3 Ng4 14. Bd2 Nd4
15. Qd1 h6 16. Nf3 Nxf3+ 17. Qxf3 Bd4+ 18. Kh1 Nf6 19. Rab1 Qh3 20. Qg2 Qh5 21.
Ne2 Rc6 22. c3 Rfc8 23. cxd4 c4 24. Rf3 Qb5 25. b3 cxd3 26. Ng1 Rc2 27. Ra1
Nxe4 28. Rd1 Rxa2 29. Qh3 Rcc2 30. Qxh6 Rxd2 31. Rxd2 Rxd2 32. Nh3 Qxb3 33. Ng5
Qb1+ 34. Rf1 Qxf1# 0-1

[Event "DEM U10/U10w 2009"]
[Site "Willingen GER"]
[Date "2009.05.31"]
[Round "2"]
[White "Oelfke, Nils Lukas"]
[Black "Gheng, Christian"]
[Result "0-1"]
[Termination "normal"]
[Board "46"]
[WhiteElo "1196"]
[BlackElo "1386"]
[PlyCount "42"]
[BlackFideId "24660345"]
[EventCountry "GER"]
[EventRounds "11"]
[EventType "swiss"]
[EventDate "2009.05.30"]

1. e4 c5 2. Nf3 d6 3. d4 cxd4 4. Nxd4 Nf6 5. Nc3 g6 6. Be3 Bg7 7. f3 O-O 8. Bc4
Nc6 9. Qd2 Bd7 10. O-O-O Rc8 11. Kb1 Nxd4 12. Qxd4 Ng4 13. Bxf7+ Rxf7 14. Qxa7
Nxe3 15. Qxe3 Bxc3 16. bxc3 Qa5 17. Rd3 Bb5 18. Rd5 Rxc3 19. Qd2 Qb4+ 20. Ka1
Bc4 21. Rb1 Qa3 0-1

[Event "DEM U10/U10w 2009"]
[Site "Willingen GER"]
[Date "2009.06.01"]
[Round "3"]
[White "Petrashov, Alexander"]
[Black "Litzka, Richard"]
[Result "0-1"]
[Termination "normal"]
[Board "1"]
[WhiteElo "1613"]
[BlackElo "1330"]
[PlyCount "96"]
[WhiteFideId "24662461"]
[EventCountry "GER"]
[EventRounds "11"]
[EventType "swiss"]
[EventDate "2009.05.30"]

1. d4 Nf6 2. c4 e6 3. Nc3 Bb4 4. a3 Bxc3+ 5. bxc3 d5 6. Nf3 O-O 7. Bf4 Nbd7 8.
e3 Nh5 9. Bg5 Nhf6 10. cxd5 exd5 11. Bd3 Qe8 12. O-O c6 13. Bf4 Qd8 14. Qc2 b6
15. Bg5 Qc7 16. Bf4 Qd8 17. Ne5 Bb7 18. Nxd7 Qxd7 19. Bg5 h6 20. Bxf6 gxf6 21.
Bf5 Qd6 22. Qd2 Kh8 23. e4 Kg7 24. f4 dxe4 25. Bxe4 Rfe8 26. Bd3 Rad8 27. Rf3
Rg8 28. Rg3+ Kh8 29. Rh3 f5 30. Bxf5 c5 31. Re1 Rxg2+ 32. Qxg2 Bxg2 33. Kxg2
Qxf4 34. Rf3 Rg8+ 35. Kf2 Qxh2+ 36. Ke3 Re8+ 37. Be4 Rxe4+ 38. Kxe4 Qh4+ 39.
Kd5 Qxe1 40. Kc4 Qe2+ 41. Rd3 b5+ 42. Kxc5 Qxd3 43. d5 h5 44. d6 h4 45. Kc6 h3
46. d7 h2 47. Kc7 Qxd7+ 48. Kxd7 h1=Q 0-1

[Event "DEM U10/U10w 2009"]
[Site "Willingen GER"]
[Date "2009.06.01"]
[Round "3"]
[White "Pallas, Sebastian"]
[Black "Bauer, Björn-Benny"]
[Result "0-1"]
[Termination "normal"]
[Board "2"]
[WhiteElo "1334"]
[BlackElo "1603"]
[PlyCount "64"]
[WhiteFideId "12905453"]
[BlackFideId "24698741"]
[EventCountry "GER"]
[EventRounds "11"]
[EventType "swiss"]
[EventDate "2009.05.30"]

1. d4 Nf6 2. c4 c5 3. d5 b5 4. Nd2 g6 5. e4 d6 6. b3 Bg7 7. Bb2 O-O 8. Ngf3
Nbd7 9. Be2 bxc4 10. Bxc4 Nb6 11. Qc2 Bd7 12. O-O a6 13. Bc3 a5 14. a4 Nh5 15.
Bxg7 Kxg7 16. Qc3+ Kg8 17. e5 Nf4 18. Ne4 Bf5 19. Ng3 Nbxd5 20. Bxd5 Nxd5 21.
Qd2 e6 22. Nxf5 gxf5 23. exd6 Qxd6 24. Qg5+ Kh8 25. Rfe1 Rg8 26. Qh6 Rg6 27.
Ng5 Rxg5 28. Qxg5 Rg8 29. Qd2 Rxg2+ 30. Kf1 Qxh2 31. Qb2+ Kg8 32. Ra2 Nc3 0-1

[Event "DEM U10/U10w 2009"]
[Site "Willingen GER"]
[Date "2009.06.01"]
[Round "3"]
[White "Gungl, Theo"]
[Black "Ovsepyan, Arshak"]
[Result "1-0"]
[Termination "normal"]
[Board "3"]
[WhiteElo "1681"]
[BlackElo "1863"]
[PlyCount "79"]
[WhiteFideId "24695653"]
[BlackFideId "24690236"]
[EventCountry "GER"]
[EventRounds "11"]
[EventType "swiss"]
[EventDate "2009.05.30"]

1. d4 d5 2. c4 c6 3. Nc3 dxc4 4. e4 b5 5. a4 b4 6. Nb1 Be6 7. Nf3 a5 8. Ng5 Qd6
9. Nxe6 Qxe6 10. e5 Nd7 11. Be2 f5 12. O-O g6 13. Bf4 Nh6 14. Qc1 g5 15. Bxc4
Qg6 16. Bxg5 e6 17. g3 Rg8 18. Bf4 Nf7 19. Nd2 h5 20. Nf3 Be7 21. Kh1 h4 22.
Rg1 h3 23. Bf1 Rc8 24. Bxh3 Rh8 25. Bg2 Nb8 26. Qd2 Kf8 27. Rac1 Kg7 28. Bf1
Nh6 29. Nh4 Qf7 30. Bg5 Rh7 31. Bc4 Nd7 32. Kg2 Rd8 33. Be2 Nxe5 34. Qf4 Ng6
35. Nxg6 Kxg6 36. Bxe7 Qxe7 37. Rxc6 Qd7 38. Rgc1 Qf7 39. h4 Rd7 40. Qg5# 1-0

[Event "DEM U10/U10w 2009"]
[Site "Willingen GER"]
[Date "2009.06.01"]
[Round "3"]
[White "Lagunow, Raphael"]
[Black "Nobis, Anna"]
[Result "1-0"]
[Termination "normal"]
[Board "4"]
[WhiteElo "1491"]
[BlackElo "1269"]
[PlyCount "103"]
[WhiteFideId "24652644"]
[BlackFideId "1270302"]
[EventCountry "GER"]
[EventRounds "11"]
[EventType "swiss"]
[EventDate "2009.05.30"]

1. Nf3 c5 2. g3 Nc6 3. Bg2 Nf6 4. O-O g6 5. d3 Bg7 6. Nbd2 O-O 7. e4 d6 8. Nh4
Bd7 9. f4 b5 10. f5 Qb6 11. Kh1 Ne5 12. Ndf3 Nfg4 13. h3 Nf6 14. Nxe5 dxe5 15.
g4 Bc6 16. Be3 Rad8 17. b4 Nxe4 18. Qf3 Nd2 19. Qxc6 Qxc6 20. Bxc6 Nxf1 21.
Rxf1 cxb4 22. Bxa7 Rc8 23. Bxb5 Rxc2 24. Bc4 e4 25. Bb3 Rc3 26. fxg6 hxg6 27.
Nxg6 e6 28. Nxf8 Kxf8 29. dxe4 Rxh3+ 30. Kg2 Rd3 31. Bxe6 Rd2+ 32. Kh1 Be5 33.
Rxf7+ Ke8 34. Bc5 Rh2+ 35. Kg1 Rh8 36. Ra7 Kd8 37. Ra8+ Kc7 38. Rxh8 Bxh8 39.
Bxb4 Bd4+ 40. Kf1 Kc6 41. g5 Kb5 42. Bf8 Kc6 43. g6 Kb7 44. g7 Bxg7 45. Bxg7
Kb8 46. Bd5 Ka7 47. e5 Kb8 48. e6 Ka7 49. e7 Kb6 50. e8=Q Kc7 51. Qc6+ Kd8 52.
Bf6# 1-0

[Event "DEM U10/U10w 2009"]
[Site "Willingen GER"]
[Date "2009.06.01"]
[Round "3"]
[White "Gschnitzer, Adrian"]
[Black "Brandl, Lea Maria"]
[Result "1/2-1/2"]
[Termination "normal"]
[Board "5"]
[WhiteElo "1253"]
[BlackElo "1438"]
[PlyCount "51"]
[WhiteFideId "1270337"]
[BlackFideId "24693049"]
[EventCountry "GER"]
[EventRounds "11"]
[EventType "swiss"]
[EventDate "2009.05.30"]

1. d4 d5 2. c4 e6 3. Nc3 Nf6 4. Bg5 Nbd7 5. Nf3 c6 6. c5 b6 7. Ne5 Qc7 8. Bxf6
Nxf6 9. e3 bxc5 10. Nxc6 Bb7 11. Ne5 a6 12. Qa4+ Nd7 13. Rc1 Bd6 14. Nxd7 Qxd7
15. Qxd7+ Kxd7 16. Na4 Ke7 17. dxc5 Bc7 18. c6 Bc8 19. g3 Re8 20. Bd3 Kf8 21.
Bxh7 g6 22. Nc5 Ba5+ 23. Ke2 Rb8 24. b3 Kg7 25. Bxg6 fxg6 26. c7 1/2-1/2

[Event "DEM U10/U10w 2009"]
[Site "Willingen GER"]
[Date "2009.06.01"]
[Round "3"]
[White "Boes, Julian"]
[Black "Schmekel, Florian"]
[Result "1-0"]
[Termination "normal"]
[Board "6"]
[WhiteElo "1186"]
[BlackElo "1410"]
[PlyCount "43"]
[WhiteFideId "12907723"]
[BlackFideId "12913456"]
[EventCountry "GER"]
[EventRounds "11"]
[EventType "swiss"]
[EventDate "2009.05.30"]

1. e4 c5 2. Nf3 Nc6 3. Bb5 g6 4. c3 Qa5 5. Qe2 Bg7 6. O-O a6 7. Bxc6 bxc6 8. d4
Qb6 9. Be3 Rb8 10. b3 cxd4 11. cxd4 c5 12. dxc5 Qb4 13. e5 d6 14. Nbd2 dxe5 15.
Rac1 Bd7 16. c6 Bc8 17. Bc5 Qf4 18. Rfd1 Qg4 19. Ne4 f5 20. c7 Rb5 21. Rd8+ Kf7
22. Nfg5+ 1-0

[Event "DEM U10/U10w 2009"]
[Site "Willingen GER"]
[Date "2009.06.01"]
[Round "3"]
[White "Mehsin, Yazan"]
[Black "Spitzl, Vinzent"]
[Result "1-0"]
[Termination "normal"]
[Board "7"]
[WhiteElo "1180"]
[BlackElo "1382"]
[PlyCount "77"]
[BlackFideId "12901253"]
[EventCountry "GER"]
[EventRounds "11"]
[EventType "swiss"]
[EventDate "2009.05.30"]

1. e4 e5 2. f4 Qh4+ 3. g3 Qe7 4. Nf3 exf4 5. Nc3 fxg3 6. hxg3 d6 7. d4 Bg4 8.
Be2 Nc6 9. Bg5 f6 10. Bf4 O-O-O 11. Qd3 Qf7 12. d5 Ne5 13. Nxe5 fxe5 14. Bxg4+
Kb8 15. Bg5 Re8 16. O-O-O Qg6 17. Qd2 Nf6 18. Bf5 Qf7 19. Nb5 h6 20. Bxf6 Qxf6
21. Qa5 a6 22. Qxc7+ Ka8 23. Bd7 Rd8 24. Rhf1 Qe7 25. Rf7 Qg5+ 26. Kb1 Be7 27.
Bc6 Rb8 28. Rxe7 Qxe7 29. Qxe7 axb5 30. Bxb5 Rhf8 31. Qxd6 Rf3 32. Qxe5 Rbf8
33. Qxg7 Ka7 34. Qxh6 R8f6 35. Qd2 Kb6 36. Qb4 Ka7 37. d6 Rxg3 38. Qc5+ Kb8 39.
d7 1-0

[Event "DEM U10/U10w 2009"]
[Site "Willingen GER"]
[Date "2009.06.01"]
[Round "3"]
[White "Rempe, Moritz"]
[Black "Krüger, David"]
[Result "1-0"]
[Termination "normal"]
[Board "8"]
[WhiteElo "1362"]
[BlackElo "1094"]
[PlyCount "23"]
[WhiteFideId "12906867"]
[BlackFideId "12921858"]
[EventCountry "GER"]
[EventRounds "11"]
[EventType "swiss"]
[EventDate "2009.05.30"]

1. e4 e5 2. Nf3 Nc6 3. Bc4 Nd4 4. Nxd4 exd4 5. O-O Bc5 6. Bxf7+ Kxf7 7. Qh5+ g6
8. Qd5+ Ke8 9. Qe5+ Be7 10. Qxh8 Kf8 11. d3 Bg5 12. f4 1-0

[Event "DEM U10/U10w 2009"]
[Site "Willingen GER"]
[Date "2009.06.01"]
[Round "3"]
[White "Sawlin, Leonid"]
[Black "Greßmann, Moritz"]
[Result "1-0"]
[Termination "normal"]
[Board "9"]
[WhiteElo "1853"]
[BlackElo "1500"]
[PlyCount "109"]
[WhiteFideId "4689542"]
[BlackFideId "24695084"]
[EventCountry "GER"]
[EventRounds "11"]
[EventType "swiss"]
[EventDate "2009.05.30"]

1. e4 e5 2. Nf3 Nc6 3. d4 exd4 4. Nxd4 Bc5 5. Nb3 Bb6 6. a4 a6 7. Nc3 d6 8. Nd5
Ba7 9. Be2 Nge7 10. O-O Nxd5 11. exd5 Ne5 12. Nd4 Bxd4 13. Qxd4 O-O 14. b3 Bf5
15. Bb2 f6 16. f4 Nd7 17. Bd3 Bxd3 18. Qxd3 Nc5 19. Qd4 Re8 20. Rfe1 Re7 21.
Ba3 Nd7 22. c4 Qe8 23. Kf1 Qf7 24. Rxe7 Qxe7 25. Re1 Qf7 26. Qe3 Kf8 27. Qh3 h6
28. Qf5 Re8 29. Re6 g6 30. Qh3 h5 31. Qe3 Nb6 32. f5 g5 33. Bxd6+ cxd6 34. Qxb6
Rxe6 35. dxe6 Qe7 36. Qa7 Kg7 37. Qb8 Kh7 38. Qc8 Kg7 39. Qd7 Kf8 40. Qxe7+
Kxe7 41. Ke2 Kd8 42. a5 Kc7 43. Kd3 Kc6 44. Kd4 h4 45. h3 Kc7 46. Kd5 g4 47.
hxg4 h3 48. gxh3 Kd8 49. Kxd6 b5 50. cxb5 axb5 51. b4 Kc8 52. e7 Kb7 53. e8=Q
Ka7 54. Kc6 Ka6 55. Qa8# 1-0

[Event "DEM U10/U10w 2009"]
[Site "Willingen GER"]
[Date "2009.06.01"]
[Round "3"]
[White "Wiesner, Paula"]
[Black "Scholz, Robert"]
[Result "0-1"]
[Termination "normal"]
[Board "10"]
[WhiteElo "1942"]
[BlackElo "1497"]
[PlyCount "114"]
[WhiteFideId "24654019"]
[BlackFideId "1270301"]
[EventCountry "GER"]
[EventRounds "11"]
[EventType "swiss"]
[EventDate "2009.05.30"]

1. e4 e5 2. Nf3 Nc6 3. Bb5 a6 4. Bxc6 dxc6 5. Nc3 Nf6 6. Nxe5 Nxe4 7. Nxe4 Qd4
8. Qe2 Qxe5 9. d4 Qe7 10. c3 Be6 11. Bf4 b6 12. O-O h6 13. Rfe1 Qd7 14. Rad1
Be7 15. b3 O-O 16. Qc2 Rfe8 17. Be5 Bf5 18. Qd2 Rad8 19. Ng3 Bg6 20. Bf4 Kh7
21. Qb2 Bd6 22. Bxd6 Qxd6 23. Qc1 Kg8 24. Rxe8+ Rxe8 25. Re1 Re6 26. Rxe6 Qxe6
27. Qe3 Qd6 28. Qc1 c5 29. dxc5 Qxc5 30. b4 Qc4 31. Qd2 Bd3 32. Qb2 c5 33. Qb3
Qxb3 34. axb3 cxb4 35. cxb4 Bc2 36. Kf1 Kf8 37. Ke2 Bxb3 38. Kd3 g6 39. Kc3 Bd5
40. f3 Ke7 41. Kd4 Kd6 42. Ne2 g5 43. Nc3 Bc6 44. Ne2 g4 45. fxg4 Bxg2 46. Ng3
Bc6 47. Nf5+ Ke6 48. Nxh6 a5 49. bxa5 bxa5 50. Kc3 Bd7 51. g5 Ke7 52. h4 Be6
53. h5 Kf8 54. g6 f6 55. Kb2 Kg7 56. Ka3 Kxh6 57. Ka4 f5 0-1

[Event "DEM U10/U10w 2009"]
[Site "Willingen GER"]
[Date "2009.06.01"]
[Round "3"]
[White "Mager, Denis"]
[Black "Baskin, Robert"]
[Result "1/2-1/2"]
[Termination "normal"]
[Board "11"]
[WhiteElo "1497"]
[BlackElo "1697"]
[PlyCount "29"]
[WhiteFideId "24691127"]
[BlackFideId "24662402"]
[EventCountry "GER"]
[EventRounds "11"]
[EventType "swiss"]
[EventDate "2009.05.30"]

1. Nf3 d5 2. d4 Nf6 3. c4 e6 4. e3 Be7 5. Nc3 O-O 6. Bd2 a6 7. Be2 dxc4 8. Bxc4
b5 9. Bd3 Bb7 10. a3 c5 11. Ne2 Bxf3 12. gxf3 cxd4 13. exd4 Nc6 14. Rg1 Kh8 15.
Be3 1/2-1/2

[Event "DEM U10/U10w 2009"]
[Site "Willingen GER"]
[Date "2009.06.01"]
[Round "3"]
[White "Paulsen, Alexej"]
[Black "Graf, Clara Victoria"]
[Result "0-1"]
[Termination "normal"]
[Board "12"]
[WhiteElo "1549"]
[BlackElo "1255"]
[PlyCount "102"]
[WhiteFideId "24662372"]
[BlackFideId "1270339"]
[EventCountry "GER"]
[EventRounds "11"]
[EventType "swiss"]
[EventDate "2009.05.30"]

1. e4 c5 2. Nf3 Nc6 3. d4 cxd4 4. Nxd4 g6 5. Be3 Bg7 6. Nc3 Nf6 7. Bc4 O-O 8.
O-O d6 9. h3 Nxd4 10. Bxd4 Qc7 11. Bb3 b6 12. Nd5 Nxd5 13. Bxg7 Kxg7 14. Bxd5
Bb7 15. Bxb7 Qxb7 16. Qd4+ f6 17. Rae1 Rac8 18. c3 Qc6 19. Qd5 Rfe8 20. Qxc6
Rxc6 21. f4 Kf7 22. e5 dxe5 23. fxe5 Re6 24. exf6 Rxe1 25. Rxe1 exf6 26. Rxe8
Kxe8 27. Kf2 Ke7 28. Ke3 g5 29. g4 Kd7 30. Ke4 Ke6 31. a4 a6 32. a5 b5 33. b3
Kd6 34. c4 bxc4 35. bxc4 Kc5 36. Kd3 Kb4 37. Kd4 Kxa5 38. c5 Kb5 39. Kd5 a5 40.
c6 Ka6 41. c7 Kb7 42. Ke6 Kxc7 43. Kxf6 a4 44. Kxg5 a3 45. Kh6 a2 46. Kxh7 a1=Q
47. g5 Qh1 48. g6 Qxh3+ 49. Kg7 Kd7 50. Kf7 Qe6+ 51. Kf8 Qf6+ 0-1

[Event "DEM U10/U10w 2009"]
[Site "Willingen GER"]
[Date "2009.06.01"]
[Round "3"]
[White "Baberz, Alexander"]
[Black "Dürr, Florian"]
[Result "1-0"]
[Termination "normal"]
[Board "13"]
[WhiteElo "1268"]
[BlackElo "1649"]
[PlyCount "105"]
[WhiteFideId "12921734"]
[BlackFideId "24659134"]
[EventCountry "GER"]
[EventRounds "11"]
[EventType "swiss"]
[EventDate "2009.05.30"]

1. d4 c6 2. c4 d6 3. Nc3 Nf6 4. Nf3 Nbd7 5. e3 g6 6. Bd3 Bg7 7. O-O O-O 8. Qe2
a6 9. a4 b6 10. b3 c5 11. Bb2 Bb7 12. d5 Ng4 13. Ne4 Nge5 14. Nxe5 Nxe5 15. f4
Nxd3 16. Bxg7 Nxf4 17. Rxf4 Kxg7 18. Raf1 h6 19. R1f3 Qd7 20. h4 e5 21. Rf6 Qe7
22. Nxd6 Rad8 23. Rxf7+ Rxf7 24. Rxf7+ Qxf7 25. Nxf7 Kxf7 26. Qf3+ Ke7 27. d6+
Rxd6 28. Qxb7+ Ke6 29. Qxa6 Kf5 30. Qc8+ Ke4 31. Qe8 Rd1+ 32. Kf2 Rd2+ 33. Kg3
Rd3 34. Qxg6+ Kxe3 35. Qxh6+ Ke2+ 36. Kh2 e4 37. Qf4 e3 38. h5 Rd4 39. Qg3 Kd2
40. h6 e2 41. h7 e1=Q 42. Qxe1+ Kxe1 43. h8=Q Kd2 44. Qh6+ Kc3 45. Qxb6 Rd3 46.
a5 Kb2 47. a6 Rxb3 48. Qxb3+ Kxb3 49. a7 Kxc4 50. a8=Q Kc3 51. g4 c4 52. g5 Kd2
53. Qc8 1-0

[Event "DEM U10/U10w 2009"]
[Site "Willingen GER"]
[Date "2009.06.01"]
[Round "3"]
[White "Reimers, Juri"]
[Black "Kania, Markus"]
[Result "1-0"]
[Termination "normal"]
[Board "14"]
[WhiteElo "1503"]
[BlackElo "1178"]
[PlyCount "53"]
[WhiteFideId "24661511"]
[BlackFideId "12903736"]
[EventCountry "GER"]
[EventRounds "11"]
[EventType "swiss"]
[EventDate "2009.05.30"]

1. e4 c5 2. Nc3 Nc6 3. g3 g6 4. Bg2 Bg7 5. d3 Nf6 6. Be3 d6 7. f4 Ng4 8. Qd2
Nxe3 9. Qxe3 Nb4 10. Qd2 Bh6 11. a3 Nc6 12. Nge2 Bg4 13. O-O Qd7 14. Nd5 O-O-O
15. b4 cxb4 16. axb4 Be6 17. b5 Bxd5 18. exd5 Ne5 19. Qc3+ Kb8 20. fxe5 Bg7 21.
d4 dxe5 22. dxe5 Qxb5 23. Rfb1 Qe8 24. Qa5 Rd7 25. Qxa7+ Kc7 26. Rxb7+ Kc8 27.
Rb8# 1-0

[Event "DEM U10/U10w 2009"]
[Site "Willingen GER"]
[Date "2009.06.01"]
[Round "3"]
[White "Phenn, Jan-Niklas"]
[Black "Kollars, Dmitrij"]
[Result "0-1"]
[Termination "normal"]
[Board "15"]
[WhiteElo "1172"]
[BlackElo "1465"]
[PlyCount "60"]
[WhiteFideId "12954985"]
[BlackFideId "12909572"]
[EventCountry "GER"]
[EventRounds "11"]
[EventType "swiss"]
[EventDate "2009.05.30"]

1. d4 Nf6 2. c4 g6 3. Nc3 Bg7 4. e4 d6 5. f3 Nbd7 6. Be3 O-O 7. Nge2 e5 8. d5
Ne8 9. g4 Nb6 10. Ng3 f5 11. gxf5 gxf5 12. exf5 Bxf5 13. Nxf5 Rxf5 14. Bd3 Rf7
15. h4 Nf6 16. Qc2 Qf8 17. Ke2 Kh8 18. Rag1 Bh6 19. Bxh6 Qxh6 20. Ne4 Nxe4 21.
Bxe4 Rf4 22. Rg4 Rxg4 23. fxg4 Rf8 24. h5 Qf4 25. Bd3 Qf3+ 26. Kd2 Qxh1 27. Kc3
Qe1+ 28. Kb3 Rf3 29. Qc3 Qxc3+ 30. Kxc3 e4 0-1

[Event "DEM U10/U10w 2009"]
[Site "Willingen GER"]
[Date "2009.06.01"]
[Round "3"]
[White "Riehle, Marco"]
[Black "Scheinhütte, Jakob"]
[Result "0-1"]
[Termination "normal"]
[Board "16"]
[WhiteElo "1442"]
[BlackElo "1174"]
[PlyCount "128"]
[WhiteFideId "12904392"]
[BlackFideId "24693944"]
[EventCountry "GER"]
[EventRounds "11"]
[EventType "swiss"]
[EventDate "2009.05.30"]

1. e4 e6 2. d4 d5 3. exd5 exd5 4. c4 Bb4+ 5. Bd2 Bxd2+ 6. Qxd2 Qe7+ 7. Qe3 Bg4
8. Qxe7+ Nxe7 9. cxd5 Nxd5 10. Bc4 Nb4 11. Bb3 Bf5 12. a3 Nd3+ 13. Kf1 Nxb2 14.
Ra2 Nd3 15. Rd2 Nf4 16. Ba4+ c6 17. Bc2 Bxc2 18. Rxc2 O-O 19. g3 Ne6 20. Nf3
Rd8 21. Re2 Nd7 22. Kg2 Nf6 23. Rd1 Rd7 24. Nc3 Rad8 25. Rb2 b6 26. Ne2 c5 27.
Rc2 h6 28. Ne5 Rd6 29. f4 cxd4 30. Nc6 R8d7 31. Ne5 Rb7 32. Rcd2 Ne4 33. Rd3
N4c5 34. R3d2 Nb3 35. Rb2 Nec5 36. Nc1 Nxc1 37. Rxc1 f6 38. Rxc5 fxe5 39. Rxe5
d3 40. Rd2 Rc7 41. Re3 Rc2 42. Rxc2 dxc2 43. Rc3 Rd2+ 44. Kf3 Rd3+ 45. Rxd3
c1=Q 46. Ke4 Qh1+ 47. Ke5 Qxh2 48. Rd6 Qxg3 49. Ke6 h5 50. Kf5 Qg4+ 51. Ke5 h4
52. f5 h3 53. Rg6 Qe2+ 54. Kd6 Qd3+ 55. Ke6 Qe4+ 56. Kd7 Qxf5+ 57. Re6 Kf7 58.
a4 Qxe6+ 59. Kc7 Ke7 60. a5 Qd6+ 61. Kc8 Qd7+ 62. Kb8 Kd6 63. axb6 Kc6 64. b7
Qxb7# 0-1

[Event "DEM U10/U10w 2009"]
[Site "Willingen GER"]
[Date "2009.06.01"]
[Round "3"]
[White "Hemprich, Iustus"]
[Black "Hermann, Tobias"]
[Result "1-0"]
[Termination "normal"]
[Board "17"]
[WhiteElo "1420"]
[BlackElo "1161"]
[PlyCount "33"]
[BlackFideId "12903701"]
[EventCountry "GER"]
[EventRounds "11"]
[EventType "swiss"]
[EventDate "2009.05.30"]

1. e4 c5 2. Nf3 a6 3. d4 cxd4 4. Nxd4 Nf6 5. Nc3 e5 6. Nf3 Nc6 7. Bc4 Bb4 8.
Bd2 Bxc3 9. Bxc3 Nxe4 10. Qd5 Ng5 11. Nxg5 Qxg5 12. Qxf7+ Kd8 13. Bd5 b6 14.
Bxc6 dxc6 15. Rd1+ Qd2+ 16. Rxd2+ Bd7 17. Qxd7# 1-0

[Event "DEM U10/U10w 2009"]
[Site "Willingen GER"]
[Date "2009.06.01"]
[Round "3"]
[White "Reuker, Jari"]
[Black "Peter, Anton"]
[Result "0-1"]
[Termination "normal"]
[Board "18"]
[WhiteElo "1147"]
[BlackElo "1359"]
[PlyCount "126"]
[WhiteFideId "12909300"]
[BlackFideId "12901660"]
[EventCountry "GER"]
[EventRounds "11"]
[EventType "swiss"]
[EventDate "2009.05.30"]

1. c4 e5 2. Nc3 Nf6 3. Nf3 d6 4. d4 Nbd7 5. Bg5 Be7 6. dxe5 dxe5 7. e3 O-O 8.
Be2 Bb4 9. O-O Bxc3 10. bxc3 Qe8 11. Qc2 Qe6 12. h3 b6 13. Bxf6 Nxf6 14. Ng5
Qe7 15. Bd3 h6 16. Ne4 Bb7 17. Nxf6+ Qxf6 18. Be4 Bxe4 19. Qxe4 Rad8 20. Rfd1
Rd6 21. Rd5 Rfd8 22. Rad1 c6 23. Rxd6 Rxd6 24. Rxd6 Qxd6 25. f4 exf4 26. Qxf4
Qxf4 27. exf4 f5 28. Kf2 Kf7 29. Ke3 Ke6 30. Kd4 Kd6 31. g4 fxg4 32. hxg4 g6
33. Ke4 Ke6 34. a4 c5 35. f5+ gxf5+ 36. gxf5+ Kf6 37. Kf4 h5 38. Ke4 h4 39. Kf4
h3 40. Kg3 h2 41. Kxh2 Kxf5 42. Kg2 Ke4 43. Kf2 Kd3 44. Kf3 Kxc3 45. Ke2 Kxc4
46. Kd2 Kb4 47. Kc2 Kxa4 48. Kb2 c4 49. Kc3 b5 50. Kb2 Kb4 51. Kc2 c3 52. Kc1
Kb3 53. Kb1 c2+ 54. Kc1 a5 55. Kd2 Kb2 56. Ke2 c1=Q 57. Kf2 Qg5 58. Kf3 Kc3 59.
Ke4 a4 60. Kf3 Kd3 61. Kf2 Qg4 62. Kf1 Ke3 63. Ke1 Qe2# 0-1

[Event "DEM U10/U10w 2009"]
[Site "Willingen GER"]
[Date "2009.06.01"]
[Round "3"]
[White "Bachem, Oliver"]
[Black "Berdin, Victoria"]
[Result "1-0"]
[Termination "normal"]
[Board "19"]
[WhiteElo "1349"]
[BlackElo "1137"]
[PlyCount "119"]
[WhiteFideId "12940186"]
[EventCountry "GER"]
[EventRounds "11"]
[EventType "swiss"]
[EventDate "2009.05.30"]

1. e4 e5 2. Nf3 Nc6 3. d4 exd4 4. Bc4 h6 5. Nxd4 d6 6. Nxc6 bxc6 7. O-O Be7 8.
Nc3 Bf6 9. Bd2 Ne7 10. Re1 O-O 11. Rb1 Be6 12. Bb3 Rb8 13. Qc1 Ng6 14. Be3 Bxb3
15. cxb3 Ra8 16. Qd2 Qe7 17. Rbd1 Rad8 18. Bxa7 Be5 19. Be3 Qf6 20. Rf1 Qh4 21.
f4 Bxc3 22. bxc3 Qe7 23. Qd3 Ra8 24. a4 Rab8 25. b4 Rfe8 26. Bd2 Qxe4 27. Qxe4
Rxe4 28. Rde1 Rxe1 29. Rxe1 Ra8 30. a5 Rd8 31. Be3 Re8 32. a6 Nxf4 33. a7 Nd5
34. Ra1 Ra8 35. Bd4 Nb6 36. Ra6 g6 37. Bxb6 cxb6 38. Rxb6 Rxa7 39. Rxc6 Rd7 40.
b5 Kf8 41. Kf2 Ke7 42. Ke3 Rb7 43. c4 Kd7 44. Kd4 Rc7 45. Ra6 Rc5 46. Ra7+ Rc7
47. b6 Rxa7 48. bxa7 Kc7 49. a8=Q Kd7 50. Qf8 Ke6 51. c5 dxc5+ 52. Qxc5 Kf6 53.
g4 Kg7 54. h4 Kh7 55. Qe7 h5 56. Qxf7+ Kh8 57. Ke5 hxg4 58. Kf6 g3 59. Kxg6 g2
60. Qh7# 1-0

[Event "DEM U10/U10w 2009"]
[Site "Willingen GER"]
[Date "2009.06.01"]
[Round "3"]
[White "von Reppert, Marc"]
[Black "Essler, Oskar"]
[Result "1-0"]
[Termination "normal"]
[Board "20"]
[WhiteElo "1111"]
[BlackElo "1341"]
[PlyCount "101"]
[WhiteFideId "12918130"]
[BlackFideId "12918024"]
[EventCountry "GER"]
[EventRounds "11"]
[EventType "swiss"]
[EventDate "2009.05.30"]

1. d4 e6 2. c4 d5 3. Nc3 c5 4. e3 Nc6 5. Nf3 Nf6 6. Bd3 Qb6 7. Be2 Bd6 8. O-O
O-O 9. Na4 Qc7 10. dxc5 Be7 11. cxd5 Nxd5 12. a3 Rd8 13. Qc2 b5 14. Bxb5 Bb7
15. b4 a6 16. Bd3 Nf6 17. Nb6 Rab8 18. Bb2 g6 19. Rfd1 Na7 20. Be5 Qc6 21. Bxb8
Rxb8 22. Ne1 Nc8 23. Nc4 Nd5 24. f3 Bf6 25. Rac1 Nce7 26. Be4 Qc7 27. Bxd5 Nxd5
28. e4 Nc3 29. Rd6 Nb5 30. Rd3 Nd4 31. Qf2 e5 32. Nc2 Bg5 33. Rcd1 Bf6 34. Nxd4
exd4 35. e5 Bxe5 36. Nxe5 Qxe5 37. Qxd4 Qe7 38. Re3 Qg5 39. Rde1 Bc6 40. Qd6
Rc8 41. Re7 Bb5 42. Qb6 Qd2 43. Qf6 Qd5 44. h3 h5 45. R1e6 Qf5 46. Rxf7 Qxf6
47. Rfxf6 Bc4 48. Rxg6+ Kf7 49. Ref6+ Ke7 50. Rf4 Bd3 51. Rh6 1-0

[Event "DEM U10/U10w 2009"]
[Site "Willingen GER"]
[Date "2009.06.01"]
[Round "3"]
[White "Richardt, Angelina"]
[Black "Kaplun, David"]
[Result "0-1"]
[Termination "normal"]
[Board "21"]
[WhiteElo "1094"]
[BlackElo "1312"]
[PlyCount "140"]
[WhiteFideId "12938149"]
[BlackFideId "12901954"]
[EventCountry "GER"]
[EventRounds "11"]
[EventType "swiss"]
[EventDate "2009.05.30"]

1. e4 c5 2. Nc3 a6 3. Nge2 e6 4. g3 b5 5. Bg2 Bb7 6. d3 b4 7. Nb1 Nf6 8. c3
bxc3 9. Nbxc3 d5 10. Qc2 Be7 11. O-O O-O 12. e5 Nfd7 13. f4 Qc7 14. d4 c4 15.
b3 Nb6 16. Qd1 N8d7 17. Be3 Rac8 18. Rc1 Qb8 19. Qe1 cxb3 20. axb3 Bb4 21. Qf2
Rc7 22. Rc2 Nc8 23. Rfc1 Ne7 24. Qf3 Bxc3 25. Rxc3 Rfc8 26. Qg4 Nf5 27. Bd2
Rxc3 28. Rxc3 Rxc3 29. Nxc3 Nxd4 30. b4 Ba8 31. Nxd5 Bxd5 32. Bxd5 Nb6 33. Bg2
Nd5 34. Bxd5 exd5 35. f5 Qxe5 36. Bc3 Qe3+ 37. Kg2 Qxc3 38. f6 Ne6 39. h4 Qxf6
40. Qd1 h6 41. Qxd5 Qb2+ 42. Kh3 Qxb4 43. Qa8+ Qf8 44. Qxa6 Qe7 45. g4 Nf4+ 46.
Kh2 Qe2+ 47. Qxe2 Nxe2 48. Kg2 Kf8 49. Kf3 Nd4+ 50. Ke4 Ne6 51. Kf5 Ke7 52. g5
hxg5 53. hxg5 Nxg5 54. Kxg5 Ke6 55. Kf4 Kf6 56. Kg4 Ke5 57. Kf3 Kf5 58. Kg3 Ke4
59. Kg4 f5+ 60. Kg3 Ke3 61. Kg2 f4 62. Kf1 Kf3 63. Kg1 Ke2 64. Kg2 f3+ 65. Kh1
f2 66. Kh2 f1=Q 67. Kg3 Qf3+ 68. Kh4 Qg2 69. Kh5 Kf3 70. Kh4 Qg4# 0-1